| 000 | 01026nam a22002537a 4500 | ||
|---|---|---|---|
| 005 | 20170124103116.0 | ||
| 010 | _aB-158028 | ||
| 020 | _c00.00 | ||
| 035 | _aB-158028 | ||
| 037 | _bCen Lib/Ret | ||
| 040 |
_aDPL _bHN |
||
| 082 |
_a821 _bशर्माप्र |
||
| 100 |
_aशर्मा, प्रभुदत्त _980978 |
||
| 245 |
_aसतहों के धरातल / _cप्रभुदत्त शर्मा |
||
| 246 |
_aSathon ke dharatal / _bby Prabhudatt Sharma |
||
| 260 |
_aजयपुर _bरिसर्च पब्लिकेशन _c2000 |
||
| 270 |
_bजयपुर _a89 त्रिपोलिया बाज़ार _e2 |
||
| 300 |
_a79पृ. _c20सेमी(सजिल्द ) |
||
| 650 |
_aसाहित्य--कविता _x _z _980979 |
||
| 650 |
_aहिन्दी--कविताये _980980 |
||
| 650 |
_aLiterature--Poertry _980981 |
||
| 650 |
_aHindi--Poertry _980982 |
||
| 942 |
_2ddc _cHN _h821 _mशर्माप्र |
||
| 999 |
_c118584 _d118584 |
||